02313nam a2200541Ia 4500001000400000008004100004010000800045041001400053082001400067245025400081260002100335300000800356520000600364630001900370630002100389630001700410650002700427690001600454700002700470700003100497700002600528901006600554902000600620903003500626904001800661905002700679906000600706907001400712908001400726909004500740910001500785911001000800912001400810913000900824914002400833915001900857916000900876917000900885918001400894919002400908520078200932921000701714922000701721923000601728924001401734942001001748999001301758784241029s9999 xx 000 0 und d a707 aEspañol aNO APLICA 0aDiferencias en el perfil psicológico y en el nivel de adaptación entre los discentes de nuevo ingreso y los de término de la carrera de Psicología en la Universidad Adventista Dominicana, extensión Santo Domingo. Período 2-2010 y 1-2011. aMonseñor Nouel a127 a6 aPerfil Docente aPlan de Estudios aPsicología aElección de Estudios aSintetizado easesoraBaret, Johaida eautoraReyna , Luz María eautoraRosario, Dorka a{"1":"Reyna ","2":"Rosario"}b{"1":"Luz María","2":"Dorka"} a1 a{"1":"Baret"}b{"1":"Johaida"} aMagíster en aDocencia Universitaria a2 aNO APLICA aNO APLICA aUniversidad Adventista Dominicana (UNAD) aNULLbNULL a["1"] aNO APLICA aNULL a01 de Abril de 2012 a30/11/19 11:11 aNULL aNULL aNO APLICA a["156","159","172"] aEl propósito de este estudio es determinar las diferencias en el perfil psicológico y el nivel de adaptación entre los estudiantes de nuevo ingreso y los de términos de la carrera de Psicología de la UNAD, extensión Santo Domingo, período 2-2010 y 1-2011.La muestra se constituyó por veintiún (21) estudiantes de nuevo ingreso y veinte (20) de términos de dicha carrera.Entre los resultados más relevantes se destaca que el 90% de los discentes de nuevo ingreso tienen problemas familiares.  Se observó que los estudiantes de términos, poseen menor tendencia a la psicopatología que los de nuevo ingreso. Sin embargo, los discentes de nuevo ingreso mostraron poseer mayor normalidad psicológica en las escalas: paranoia, hipomanía, entre otras. a28 a28 a0 aNO APLICA cTesis c707d707